000 00384nam a2200145Ia 4500
008 220217s9999||||xx |||||||||||||| ||und||
020 _a81-315-0185-X
082 _a621.381 BIG
100 _aBignell, James Donovan, Robert
_91885
245 0 _aDigital electronics
250 _a4th
260 _aThomoson learning
_bAustralia
_c2007
300 _b429
650 _aELECTRONICS
999 _c176484
_d176484